000 01313cam a2200241 4500
001 ##L134260
008 060720n2006 000 0 eng u
035 _a(Sirsi) u134260
041 0 _aeng
050 0 4 _a333.33 $2 18
110 2 _aDonaldsons
_93333
245 0 0 _aDonaldsons retail spotlight
_bfirst quarter 2006
260 _aLondon
_bDonaldsons
_c2006
490 0 _aDonaldsons Retail Spotlight
505 2 _aHigh street shops, the research -- Market comment -- Retail warehouses, the research -- Market comment -- Shopping centres, the research -- Market comment -- Ten years on
520 _aReports the latest retail performance and trends based on IPD monthly index statistics. The pace of yield reduction was maintained among retail warehouses and centres, but eased for shops. Prime retail warehousing continued to show powerful capital value increases. Shop and centre rental growth rates kept up, while retail warehouse rent growth faded. Record disposals led to a two-year low in net investment. Tables and graphs.
590 _aIKA010806
650 2 4 _aDONALDSONS RETAIL SPOTLIGHT
651 4 _aUnited Kingdom
_y
690 _aPROPERTY-COMMERCIAL PROPERTY-RETAIL PROPERTY
856 4 0 _uhttps://www.donaldsons.co.uk/
_zView the item free of charge at www.donaldsons.co.uk...
942 _n0
999 _c105618
_d105618